| 000 | 00932nam a22002531u 4500 | ||
|---|---|---|---|
| 001 | 05334 | ||
| 003 | HDC | ||
| 007 | cr bn ---aaaaa | ||
| 008 | 210119p2011 | d 00 engg | ||
| 040 | _aHDC | ||
| 100 |
_aFirdaus Abdullah _eauthor _91913 |
||
| 245 | 0 |
_aManaging Customer Preference for the Foodservice Industry / by _cFirdaus Abdullah, Abg Zainoren Abg Abdurahman, and Jamil Hamali |
|
| 260 |
_a[no place] : _b[publisher not identified], _c2011 |
||
| 300 | _a 1 online resource (9 pages) | ||
| 336 |
_atext _2rdacontent |
||
| 337 |
_acomputer _2rdamedia |
||
| 338 |
_aonline resource _2rdacarrier |
||
| 650 |
_aCustomer preference _95560 |
||
| 650 |
_aFood service industry _92747 |
||
| 856 | _zRequest full-text at [email protected] | ||
| 942 | _2lcc | ||
| 942 | _cAR | ||
| 942 | _kJART 001361 | ||
| 999 |
_c2658 _d2658 |
||